Catálogo
 En Linea

Cómo llora sevilla : (Registro nro. 23320)

Detalles MARC
000 -CABECERA
campo de control de longitud fija 00647nam a2200193 a 4500
001 - NÚMERO DE CONTROL
campo de control 000023824
005 - FECHA Y HORA DE LA ÚLTIMA TRANSACCIÓN
campo de control 20200930022508.0
008 - DATOS DE LONGITUD FIJA--INFORMACIÓN GENERAL
campo de control de longitud fija 110113s1981 ve r 000 0 spa d
020 ## - NÚMERO INTERNACIONAL ESTÁNDAR DEL LIBRO
Número Internacional Estándar del Libro 8440072589
040 ## - FUENTE DE LA CATALOGACIÓN
Centro catalogador/agencia de origen DO-SdBNP
Lengua de catalogación spa
Centro/agencia transcriptor BNPHU
082 ## - NÚMERO DE LA CLASIFICACIÓN DECIMAL DEWEY
Número de clasificación 860
Número de documento/Ítem C965c, 1981
100 1# - ENTRADA PRINCIPAL--NOMBRE DE PERSONA
Nombre de persona Cué-S. J. , Ramón
9 (RLIN) 49034
245 10 - MENCIÓN DE TÍTULO
Título Cómo llora sevilla :
Resto del título (interpretación de la samana santa) /
Mención de responsabilidad, etc. Ramón Cué-S. J.
250 ## - MENCIÓN DE EDICIÓN
Mención de edición 14a ed.
260 ## - PUBLICACIÓN, DISTRIBUCIÓN, ETC.
Lugar de publicación, distribución, etc. Madrid, (España) :
Nombre del editor, distribuidor, etc. Talleres Sucesores de Rivadeneyra,
Fecha de publicación, distribución, etc. 1981.
300 ## - DESCRIPCIÓN FÍSICA
Extensión 127, [4] p. ;
Dimensiones 21 cm.
650 #4 - PUNTO DE ACCESO ADICIONAL DE MATERIA--TÉRMINO DE MATERIA
Término de materia o nombre geográfico como elemento de entrada Literatura española
9 (RLIN) 632
650 #4 - PUNTO DE ACCESO ADICIONAL DE MATERIA--TÉRMINO DE MATERIA
Término de materia o nombre geográfico como elemento de entrada Literatura española
Subdivisión general Colecciones de escritos
9 (RLIN) 8735
Existencias
Estado de retiro Estado de pérdida Restricciones de uso No para préstamo Código de colección Localización permanente Ubicación/localización actual Ubicación en estantería Fecha de adquisición Número de inventario Total de préstamos Signatura topográfica completa Código de barras Fecha visto por última vez Precio válido a partir de Tipo de ítem Koha
        Monografías: Libros y Folletos General General En catalogación 13.01.2011 LF1   860 C965c, 1981 23824-10 25.06.2020 25.06.2020 Préstamo en sala
        Monografías: Libros y Folletos Patrimonio Dominicano Patrimonio Dominicano Orden iniciada 05.06.2017 LF1   860 C965c, 1981 23824-20 25.06.2020 25.06.2020 No se presta

Con tecnología Koha